000 01179nam a2200313 a 4500
001 000014748
003 DO-SdBNP
005 20240412074241.0
008 100120s2007 dr 000 0 spa d
020 _a9789993442615
040 _aDO-SdBNP
_bspa
_cBNPHU
049 _aBNPD
082 4 _aRD863.44
_bB142p
100 1 _aBáez, Frank,
_d1978-
_933435
245 1 0 _aPágales tú a los psicoanalistas /
_cFrank Báez ; presentación Alejandro Arvelo ; editor José M. Fernández Pequeño ; corrección Magaly Bayard, Angélica Fernández.
260 _aSanto Domingo :
_bDirección General de la Feria del Libro,
_c2007.
300 _a63 p. ;
_c23 cm.
490 1 _aEdiciones Ferilibro
_vv. 102
500 _aIncluye datos biográficos del autor en la solapa de la cubierta
586 _aPremio de Cuento Joven Feria del Libro 2006
650 4 _aCuento dominicano
_926903
650 0 _aLiteratura dominicana.
_967
700 1 _aArvelo, Alejandro
_9147
700 1 _aFernández, José M.,
_eed.
_933436
700 1 _aBayard, Magaly,
_ecorr.
_933437
700 1 _aFernández, Angélica
_ecorr.
_933438
830 0 _aEdiciones Ferilibro
_nno. 102
_933439
942 _2ddc
_cLBS1
999 _c14331
_d14331